000 00363 a2200169 4500
001 186893
020 _a85-7422-065-4
040 _cMagnum
100 _aAlvarenga, Terezinha
240 1 0 _aO casamento da leoa
_lpor
245 1 0 _aO casamento da leoa
300 _a24
362 0 _a2001
440 1 _aMiguilim
697 _aLITERATURA INFANTIL
942 _cBK
999 _c186893
_d186893